Nâng cao hiệu quả giám sát của hội đồng nhân dân tỉnh Đồng Tháp trong giai đoạn hiện nay Luận văn thạc sĩ Toán học . Chuyên ngành: LL và PP DH bộ môn Toán. Mã số: 60.14 01

Saved in:
Bibliographic Details
Main Author: Nguyễn, Thị Kim Tuyến
Other Authors: Nguyễn Thanh Hưng (Hướng dẫn)
Format: Thesis Kit Book
Published: Đồng Tháp Đại học Vinh 2015
Subjects:
Tags: Add Tag
No Tags, Be the first to tag this record!
Institutions: Trung tâm Học liệu Lê Vũ Hùng, Trường Đại học Đồng Tháp
LEADER 01220ppm a22003018a 4500
001 00036394
005 20171026081025.0
008 170301s2015 ||||||Viesd
041 0 # |a Vie 
082 1 4 |a 320.07  |b N122C 
100 1 # |a Nguyễn, Thị Kim Tuyến 
245 0 0 |a Nâng cao hiệu quả giám sát của hội đồng nhân dân tỉnh Đồng Tháp trong giai đoạn hiện nay  |b Luận văn thạc sĩ Toán học . Chuyên ngành: LL và PP DH bộ môn Toán. Mã số: 60.14 01  |c Nguyễn Thị Kim Tuyến ; Đinh Trung Thành (hướng dẫn) 
260 # # |a Đồng Tháp  |b Đại học Vinh  |c 2015 
300 # # |a 139tr.  |c 30cm. 
500 # # |a ĐTTTS ghi: Bộ giáo dục và đào tạo. Đại học Vinh 
653 # # |a Chính trị 
653 # # |a Giám sát 
653 # # |a Đồng Tháp 
653 # # |a Luận văn 
653 # # |a Hội đồng nhân dân 
700 1 # |a Nguyễn Thanh Hưng  |e Hướng dẫn 
852 # # |j LV.0000780 
852 # # |b Kho đọc SĐH  |j LV.0000780 
910 |d 01/03/2017 
980 # # |a Trung tâm Học liệu Lê Vũ Hùng, Trường Đại học Đồng Tháp